| 000 | 01016cab a2200301 4500 | ||
|---|---|---|---|
| 001 | ABS55989 | ||
| 008 | 090401t1996 xxu||||| |||| 00| 0 eng d | ||
| 035 | _a(Sirsi) u20293 | ||
| 041 | _aeng | ||
| 100 | _aLee, S. | ||
| 245 | _aAssessing the future of property in the multi-asset portfolio: the case of UK pension funds | ||
| 260 | _c1996 | ||
| 350 | _a0 | ||
| 490 |
_aJournal of Property Research _v13(3) October 1996, 197-209(7) |
||
| 520 | _aPresents a method for assessing the required return that property would have to offer for a pension fund to justify a 15% holding. | ||
| 650 | _aINVESTMENT PROPERTY | ||
| 650 | _aMODERN PORTFOLIO THEORY | ||
| 650 | _aMULTI-ASSET PORTFOLIO | ||
| 650 | _aPENSION FUNDS | ||
| 650 | _aPROPERTY INVESTMENT | ||
| 650 | _aPROPERTY PORTFOLIOS | ||
| 690 | _aPROPERTY-COMMERCIAL PROPERTY-COMMERCIAL PROPERTY FINANCE AND INVESTMENT | ||
| 690 | _aFINANCE AND INVESTMENT | ||
| 700 | _aByrne, P. | ||
| 700 | _aFrench, N. | ||
| 942 | _n0 | ||
| 948 | _c04/03/1997 | ||
| 999 |
_c13595 _d13595 |
||